|
|
|
|
| LEADER |
00000nab a2200000 a 4500 |
| 001 |
vtls011129318 |
| 003 |
SK-MaSNL |
| 005 |
20260303122242.0 |
| 008 |
230207|1998 xo |||||||||||||||||slo| |
| 015 |
|
|
|a SNBRB
|
| 035 |
|
|
|a (uuid)fdd3da06-a8e1-45e2-a8ef-6dfe18c8ee21
|
| 035 |
|
|
|a (urnnbn)urn:nbn:sk:snk:ar-a09iuz
|
| 035 |
|
|
|a urn:nbn:sk:snk-aba70z
|
| 040 |
|
|
|a SNKBUCL
|b slo
|c SNKBUCL
|e AACR2
|
| 041 |
0 |
|
|a slo
|
| 044 |
|
|
|a xo
|c SK
|
| 100 |
1 |
|
|a Koščo, Ján
|4 aut
|9 5244
|
| 245 |
1 |
0 |
|a POTRAVNÁ EKOLÓGIA ŠŤUKY SEVERNEJ (Esox lucius L.) V HYDROMELIORAČNÝCH KANÁLOCH PRI HRANI (POVODIE ONDAVY)
|c Ján Koščo
|
| 773 |
0 |
|
|t Natura Carpatica : zborník Východoslovenského múzea
|g Roč. 39, č. 1 (1998), s. 185-197
|
| 954 |
|
|
|a odborná, vedecká literatúra pôvodná (slovenská)
|2 lita
|
| 958 |
|
|
|a OND
|
| 958 |
|
|
|a EUIPO
|
| 958 |
|
|
|a article13
|
| 999 |
|
|
|c 1920005
|d 1921935
|